000 00581nam a22001937a 4500
005 20240805115338.0
008 240805b |||||||| |||| 00| 0 eng d
020 _a81-317-0492-0
082 _a621382
_bOPP-D
100 _aOppenheim, Alan. V
245 _aDiscrete-Time Signal Processing /
_cAlan V. Oppenheim, Ronald W. Schafer, and John R. Buck
250 _a2nd ed.
260 _aIndia :
_bPearson Prentice Hall ;
_c1999 .
300 _a888 p. :
_c23.5 cm .
500 _aInclude Index.
650 _aTechnical/Engineering
700 _aSchafer, Ronald W.
999 _c36281
_d36281